000 00290nam a22001337a 4500
008 170612b xxu||||| |||| 00| 0 eng d
020 _a9951413277
041 _aALB
080 _a32
100 _a19
101 _aSHP
245 _aMENDIMI POLITIK MODERN
_cKULLASHI.M
942 _2udc
_cBK
999 _c17062
_d17062